000 00355nam a22001457a 4500
005 20240826121330.0
008 240826b |||||||| |||| 00| 0 eng d
020 _a81-219-3900-3
100 _aPANDEY.B.P
245 _aCOLLEGE BOTANY
260 _aNEW DELHI.
_bC.CHAND AND COMPANY LTD
300 _aV11,1380P.
650 _a1.PLANTS
942 _2lcc
_cBK
999 _c211622
_d211622